| 000 | 00562nam a2200217 i 4500 | ||
|---|---|---|---|
| 001 | bgj | ||
| 100 | 1 |
_aSMITH, Dodie _d(1896-?). |
|
| 245 | 1 | 0 |
_aOne Hundred and One Dalamtians / _cDodie Smith. |
| 260 |
_aNew York : _bAvon Books, _c1969. |
||
| 300 |
_a199 pp : _bill. ; _c18 cm. |
||
| 490 | 1 | _aAn Avon Camelot Book | |
| 650 | 9 | _aDalmatian dogs | |
| 650 | 9 | _aDogs | |
| 650 | 9 | _aChildren's literature | |
| 655 | _aFiction | ||
| 830 | _aAn Avon Camelot Book | ||
| 040 | _cBPK | ||
| 041 | 0 | _aeng | |
| 942 | _cKS | ||
| 008 | s uk f |000 0 eng | ||
| 999 |
_c48858 _d48858 |
||